| 000 | 00448nam a2200181Ia 4500 | ||
|---|---|---|---|
| 001 | 3143 | ||
| 005 | 20260306144859.0 | ||
| 008 | 260306t2010||||xx |||||||||||||| ||spa|| | ||
| 041 | _aESP | ||
| 082 |
_a261.3 _bS29 |
||
| 100 |
_aSchmalhausen Panizo, Kay _eAUT |
||
| 245 | 0 |
_aEl sacerdote, don para la iglesia: _bcarta pastoral |
|
| 260 | _c2010 | ||
| 300 |
_a43 páginas : _c20 cm. |
||
| 650 | _aGEN | ||
| 654 | _aCHU | ||
| 942 |
_cLIB _dJUS _fJUS _2ddc _n |
||
| 999 |
_c3143 _d3143 |
||